00425nam a2200157Ia 450000500170000000800410001702000220005804100120008008200180009210000350011024500460014525000080019126000250019950000080022465000350023220240823032608.0240823s9999||||xx |||||||||||||| ||und|| a978-93-5004-009-6 aENGLISH A005.712762 Q1 aKogent Learning Soluctions Inc 0aJava 6 and J2EE 1.5 (java EE5) Black Book a1st c2011bDreamtech New  aYES aJAva 6bInformation Technology